| 000 | 01663nam a22002897a 4500 | ||
|---|---|---|---|
| 003 | DO-SdBNP | ||
| 005 | 20250221073755.0 | ||
| 007 | ta | ||
| 008 | 110322s2019 dr d 000 0 spa d | ||
| 020 | _a9789945917888 | ||
| 040 |
_aDO-SdBNP _bspa _cBNPHU |
||
| 082 |
_axxx _bxxx |
||
| 110 | 1 |
_aRepública Dominicana. _bOficina Nacional de Estadísticas _92319 |
|
| 245 | 1 | 0 |
_aCabalidad en las respuestas a las preguntas censales en la República Dominicana : _bel caso de los censos nacionales de población y vivienda de 2002 y 2010 / _celaboración Francisco I. Cáceres Ureña, Darío Antonio López Villar, Mercedes Reyes Victoriano, Jhensy Sandoval Moran |
| 260 |
_aSanto Domingo : _bONE, _c2019. |
||
| 300 |
_a56 p. : _bgraf. _c28 cm. |
||
| 500 | _aObjetivo: Conocer la cabalidad de las respuestas registradas en cada una de las variables integrantes de las boletas correspondientes al VIII Censo Nacional de Población y Vivienda 2002 y del IX Censo Nacional de Población y Vivienda 2010, con el propósito de producir insumos para orientar el proceso de capacitación al personal contratado para la recolección de los datos, así como para justificar la inclusión o no de determinadas variables. | ||
| 590 | _aInventariado, 2022 / YL | ||
| 650 |
_aRepública Dominicana _xCensos - manuales _981138 |
||
| 700 | 1 | 2 |
_aCáceres Ureña, Francisco I. _eelab. _97695 |
| 700 | 1 | 2 |
_aLópez Villar, Darío Antonio _eelab. _981810 |
| 700 | 1 | 2 |
_aReyes Victoriano, Mercedes _eelab. _981811 |
| 700 | 1 | 2 |
_aSandoval Moran, Jhensy _eelab. _981812 |
| 710 | 1 |
_aRepública Dominicana. _bOficina Nacional de Estadística _95775 |
|
| 910 | _aYLockward | ||
| 942 |
_2ddc _cLBS1 |
||
| 999 |
_c51972 _d51972 |
||